000 00525 a2200181 4500
003 OSt
005 20240131095754.0
008 240131b |||||||| |||| 00| 0 eng d
020 _a9788182718289
040 _coclc
082 _a364.13170954
_bSET/K
100 _aSethi, Manisha
_910344
245 _aKafkanadu= Kafkaland /
_cManisha Sethi
250 _a2nd ed.
260 _aKozhikode:
_bPratheeksha Books,
_c2016.
300 _a192p.
942 _2ddc
_cBK
_h364.13170954
_iSET/K
_k364.13170954
_mSET/K
999 _c43383
_d43383